Responses for show #1846 - Monday, September 21, 1992

Linda Sheppard game 3.

Contestants

Marc Komisarow, a financial planner from Atlanta, Georgia

Phil Brown, an audio engineer originally from San Francisco, California (whose 1-day cash winnings total $10,200)

Linda Sheppard, a housewife from Hayward, California (whose 2-day cash winnings total $16,900)

Jeopardy! Round responses

GOVERNMENT & POLITICS
ANIMALS
'60s TV
SCOTLAND
CHOCOLATE
"ISM"s
    $100 1
Social Security

Marc
    $100 12
the penguin

Linda
    $100 2
Squad

Linda
    $100 22
bagpipes

Linda
    $100 15
milk chocolate

Linda
    $100 8
baptism

Phil
    $200 3
an absentee ballot

Linda
    $200 13
squirrels

Phil
    $200 7
Fess Parker

Linda
    $200 23
Edinburgh

Phil
    $200 27
sweet

Phil
    $200 16
(Marc: What is Bolshevikism?)

Communism

PhilMarc
    $300 4
an appeal

Marc
    $300 14
brine

Marc
    $300 9
Robert Stack

Phil
    $300 24
kippers

Phil
    $300 28
[The end-of-round signal sounds.]

Montezuma

Marc
    $300 19
pugilism

Phil
    $400 5
John Jay

Linda
    $400 20
rabbits

Linda
    $400 10
(Alex: Rowdy Yates, [*], yes.)

Clint Eastwood

Phil
    $1,000 25
(Phil: Not a clue.)

Inverness

Phil
    $400 17
narcissism

Linda
    $500 6
the Prohibition Party

Marc
    $500 21
(Phil: What is an Afghan?)
(Linda: What is the whippet?)

the Saluki

LindaPhil
Triple Stumper
    $500 11
Batman

Phil
    $500 26
the Picts

Linda
    $500 18
[NOTE: This was the 410,000th clue entered into the J! Archive, on 2021-01-30.]

Fauvism

Marc

Scores at the first commercial break (after clue 14):

Linda Phil Marc
$1,000 $1,500 $1,200

Scores at the end of the Jeopardy! Round:

Linda Phil Marc
$2,000 $1,200 $1,800

Double Jeopardy! Round responses

LITERARY CHARACTERS
COMPOSERS
GENERAL SCIENCE
ISLES
THE DECLARATION OF INDEPENDENCE
TEXTILES
    $200 9
Robinson Crusoe

Linda
    $200 2
Bizet

Phil
    $200 1
lightning

Linda
    $200 26
Jersey

Phil
    $200 18
(Phil: Where is Philadelphia?)

New York City

Phil
Triple Stumper
    $200 6
cotton

Linda
    $400 10
Frank Baum

Phil
    $400 4
Vivaldi

Linda
    $400 3
almonds

Linda
    $400 30
the Canary Islands

Triple Stumper
    $400 19
George III

Phil
    $400 14
spandex

Marc
    $600 15
The Pilgrim's Progress

Marc
    $600 5
"The Star-Spangled Banner"

Marc
    $600 11
natural selection

Phil
    $600 27
(Marc: What is Baffin?)

(the Gulf of) St. Lawrence

PhilMarc
    $600 21
the signing of the Declaration

Triple Stumper
    $600 20
linen

Linda
    $800 16
Saul Bellow

Linda
    $800 7
Schubert

Linda
    $800 12
kinetic

Phil
    $800 28
Copenhagen

Linda
    $1,000 22
all men are created equal

Linda
    $800 24
(Phil: What is Italy?)
(Marc: What is San Marino?)
...
(Alex: We have less than a minute to go.)

Spain

PhilMarc
Triple Stumper
    $1,200 17
The Rape of the Lock

Linda
    $1000 8
Aaron Copland

Linda
    $1000 13
phylum

Phil
    $1000 29
Skye

Linda
    $1000 23
the Articles of Confederation

Phil
    $1000 25
silk

Triple Stumper

Scores at the end of the Double Jeopardy! Round:

Linda Phil Marc
$10,600 $5,400 $2,000

[wagering suggestions for these scores]

Final Jeopardy! Round responses

U.S. GEOGRAPHY
MarcWhat is Adirondack?
$500
PhilWhat are the Appalatchians
$5,400
LindaWhat is Appalachian
$500
the Adirondack chain

Final scores:

Linda Phil Marc
$10,100 $0 $2,500
3-day champion: $27,000 3rd place: Maytag washer & dryer + Nintendo Entertainment System with Super Jeopardy! + Wheel of Fortune + InfoGenius for Game Boy 2nd place: trip on Delta to St. Croix, Virgin Islands & stay at St. Croix by the Sea Hotel

Game dynamics:

Coryat scores:

Linda Phil Marc
$10,200 $6,400 $2,000
23 R
(including 2 DDs),
1 W
19 R,
4 W
(including 1 DD)
9 R,
3 W

Combined Coryat: $18,600

The J! Archive is created by fans, for fans. The Jeopardy! game show and all elements thereof, including but not limited to copyright and trademark thereto, are the property of Jeopardy Productions, Inc. and are protected under law. This website is not affiliated with, sponsored by, or operated by Jeopardy Productions, Inc. Join the discussion at JBoard.tv.